000
00351nam a2200169Ia 4500
100
_a
Silberschatz/Abraham
650
_a
Operating system
250
_a
8
942
_c
BK
366
_f
20
245
_a
Operating system concepts
260
_b
Wiley
_c
2010
082
_a
5.43
_b
SIL
300
_a
972
546
_a
ENGLISH
_c
Computers
999
_c
30335
_d
30335